Представление документа в формате MARC21

Поле Инд. ПП Название Значение
Тип записи a
Библиографический уровень m
001 Контрольный номер RU/IS/BASE/622132495
005 Дата корректировки 20230216101241.0
040 b Код языка каталог. rus
041 0_ a Код языка текста rus
080 a Индекс УДК 004.42
084 a Индекс другой классификации/Индекс ББК 32.973.26-018.2
090 a Полочн. индекс 681.3
x Авторский знак Р17
097 b Оператор 11
245 10 a Заглавие Разработка пакетов прикладных программ
b Продолж. заглавия сборник статей
c Ответственность отв. ред.: В. М. Матросов, О. Г. Диваков
260 a Место издания Новосибирск
b Издательство Наука
c Дата издания 1982
300 a Объем 248 с.
b Иллюстрации/ тип воспроизводства ил.
510 0_ a Примечание о ссылках Книги и методические пособия
650 14 a Основная рубрика 50.41 Программное обеспечение вычислительных машин, комплексов и сетей
x Основная подрубрика 50.41.25 Прикладное программное обеспечение
653 1_ a Ключевые слова электронные вычислительные машины; программы (выч. техника); прикладные программы
901 t Тип документа m